Membre de CP9 - Statistiques

Statistiques générales
  • Ce quiz a été pris 33 fois
  • Le résultat moyen est 6 sur 10
Statistiques - réponses
Indice Réponse % Correct
Giraffe Kakku
97%
Pigeon Rob Lucci
93%
Porte Blueno
83%
Savon Kalifa
83%
Chef Spandam
72%
Loup Jabura
69%
Zipper Fukuro
34%
Yoyoi Kumadori
34%
Apprenti Nero
34%
Épée Funkfreed
31%
Aucun quiz correspondant
Distribution des résultats
% des personnes avec chaque résultat
Percentile par nombre de réponses
Votre historique - résultats
Vous n’avez pas pris ce quiz